[Event "Tournament 14472 - Europe Echecs"]
[Site "Europe Echecs"]
[Date "2020.07.10"]
[Round "5"]
[Time "16:09:51"]
[PlyCount "126"]
[White "MartellierChar"]
[Black "PigourierAdrie"]
[WhiteElo "1468"]
[BlackElo "1260"]
[Mode "WEB"]
[Result "1-0"]

1. Nf3 Nc6 2. d4 d5 3. c4 e6 4. Bg5 f6 5. Bf4 Bd6 6. Bxd6 Qxd6 7. Nc3 Nge7 8.
cxd5 exd5 9. e3 O-O 10. Bd3 Bg4 11. a3 Rfe8 12. Qc2 Ng6 13. Bxg6 hxg6 14. Qxg6
Be6 15. h4 Bf7 16. Qg4 Be6 17. Qg3 Qxg3 18. fxg3 Bg4 19. Nxd5 Rad8 20. Nxc7
Rxe3+ 21. Kf2 Re4 22. Rhe1 Rxe1 23. Rxe1 Bxf3 24. gxf3 Nxd4 25. Ne6 Nxe6 26.
Rxe6 Rd2+ 27. Re2 Rxe2+ 28. Kxe2 Kf7 29. Ke3 Ke6 30. Ke4 g6 31. g4 f5+ 32. gxf5+
gxf5+ 33. Kf4 Kf6 34. h5 b6 35. h6 Kg6 36. h7 Kxh7 37. Kxf5 Kg7 38. Ke6 Kf8 39.
f4 a6 40. f5 b5 41. f6 a5 42. f7 a4 43. Kd5 Kxf7 44. Kc5 Ke7 45. Kxb5 Kd7 46.
Kxa4 Kc7 47. Kb5 Kb7 48. b4 Kb8 49. a4 Kb7 50. Kc5 Kb8 51. a5 Ka7 52. b5 Kb7 53.
Kd6 Kb8 54. Kc6 Ka8 55. Kb6 Kb8 56. Ka6 Ka8 57. b6 Kb8 58. Kb5 Kb7 59. a6+ Ka8
60. Kc6 Kb8 61. b7 Ka7 62. Kc7 Kxa6 63. b8=Q {PigourierAdrie a abandonné} 1-0

[Event "Tournament 14472 - Europe Echecs"]
[Site "Europe Echecs"]
[Date "2020.07.10"]
[Round "5"]
[Time "16:09:51"]
[PlyCount "113"]
[White "BaderPaul"]
[Black "TomasMaureen"]
[WhiteElo "1243"]
[BlackElo "1468"]
[Mode "WEB"]
[Result "0-1"]

1. e4 e5 2. Bc4 Bc5 3. Nc3 Nf6 4. d3 O-O 5. Bg5 Be7 6. Nge2 Nc6 7. O-O d6 8. Ng3
Bg4 9. Qd2 Bd7 10. a3 a6 11. Bxf6 Bxf6 12. Nd5 Bg5 13. Qd1 b5 14. Ba2 Qc8 15.
Rb1 Bg4 16. Qe1 Nd4 17. Qc3 Ra7 18. f3 Be6 19. Kh1 c6 20. Nb4 Bxa2 21. Nxa2 a5
22. Rfe1 Qe6 23. Nc1 Qh6 24. Nce2 Bd2 25. Qxd4 exd4 26. Rf1 Be3 27. Nf5 Qe6 28.
Neg3 g6 29. Nxe3 dxe3 30. Rfe1 a4 31. Rxe3 Re8 32. Ne2 Rae7 33. Nd4 Qd7 34. c3
d5 35. Rbe1 dxe4 36. dxe4 c5 37. Nc2 f5 38. e5 Qd5 39. f4 Qd2 40. R3e2 Qxf4 41.
e6 Qd6 42. h3 Rxe6 43. Rxe6 Rxe6 44. Rf1 Qd2 45. Na1 Qxb2 46. Rd1 Qxc3 47. Rd8+
Kg7 48. Rd7+ Kh6 49. Kh2 Qxa1 50. Rc7 Qe5+ 51. Kg1 Qxc7 52. h4 Re1+ 53. Kf2 Qe5
54. g4 Qe3+ 55. Kg2 Re2+ 56. Kh1 Qc1# {BaderPaul est échec et mat} 0-1

[Event "Tournament 14472 - Europe Echecs"]
[Site "Europe Echecs"]
[Date "2020.07.10"]
[Round "5"]
[Time "16:09:51"]
[PlyCount "120"]
[White "ReynaudAntoine"]
[Black "ThibaudetVince"]
[WhiteElo "1231"]
[BlackElo "1450"]
[Mode "WEB"]
[Result "1-0"]

1. e4 d5 2. exd5 Nf6 3. Nf3 Bg4 4. h3 Bh5 5. Be2 Qxd5 6. Nc3 Qd7 7. O-O Nc6 8.
Re1 O-O-O 9. Ne5 Bxe2 10. Qxe2 Nxe5 11. Qxe5 e6 12. d3 Bd6 13. Qb5 Nd5 14. Qxd7+
Rxd7 15. Nxd5 exd5 16. b3 f6 17. Bb2 Re7 18. c4 dxc4 19. dxc4 Rhe8 20. Rxe7 Rxe7
21. Kf1 Bb4 22. a3 Bd2 23. Rd1 Bg5 24. Re1 Rxe1+ 25. Kxe1 Kd7 26. Bd4 b6 27. Ke2
Bc1 28. a4 Ba3 29. Kd3 Ke6 30. g4 g6 31. f4 f5 32. Be5 fxg4 33. hxg4 c6 34. Bb8
a6 35. Ke4 h5 36. f5+ gxf5+ 37. gxf5+ Kf7 38. Kf4 h4 39. Bc7 b5 40. cxb5 cxb5
41. axb5 axb5 42. Bd8 Bd6+ 43. Kg4 Bg3 44. Bxh4 Bxh4 45. Kxh4 Kf6 46. Kg4 b4 47.
Kf4 Kf7 48. Ke5 Ke7 49. f6+ Ke8 50. Ke6 Kf8 51. f7 Kg7 52. Ke7 Kg6 53. f8=Q Kg5
54. Qf3 Kg6 55. Qf4 Kh5 56. Qg3 Kh6 57. Qg4 Kh7 58. Qg5 Kh8 59. Kf6 Kh7 60. Qg7# {ThibaudetVince est échec et mat} 1-0

[Event "Tournament 14472 - Europe Echecs"]
[Site "Europe Echecs"]
[Date "2020.07.10"]
[Round "5"]
[Time "16:09:51"]
[PlyCount "112"]
[White "GavilaQuentin"]
[Black "JaulinVincent"]
[WhiteElo "1199"]
[BlackElo "1438"]
[Mode "WEB"]
[Result "1-0"]

1. e4 e5 2. Nf3 Nc6 3. d4 exd4 4. Nxd4 Bc5 5. Be3 Qf6 6. c3 Nge7 7. g3 d5 8. Bg2
dxe4 9. Nb5 Bxe3 10. Nxc7+ Kf8 11. O-O Bb6 12. Nxa8 Bd8 13. Bxe4 g6 14. Re1 Kg7
15. Na3 a6 16. Qe2 Be6 17. Qe3 Nd5 18. Bxd5 Bxd5 19. Nb6 Bxb6 20. Qxb6 Qf3 21.
Kf1 Qg2+ 22. Ke2 Re8+ 23. Kd2 Rxe1 24. Rxe1 Qxh2 25. Qe3 Bxa2 26. Qf3 Qh6+ 27.
Qe3 Qh5 28. c4 Qf5 29. Ra1 Nb4 30. Qc3+ Kh6 31. Qxb4 Qxf2+ 32. Kd3 Qxg3+ 33. Kd4
Qf2+ 34. Kd5 Qf3+ 35. Kc5 Qe3+ 36. Kd6 Qd3+ 37. Kc7 Bb3 38. Rh1+ Kg7 39. Qc3+
Qxc3 40. bxc3 b5 41. cxb5 axb5 42. Nxb5 Bd5 43. Rg1 h5 44. Nd6 h4 45. c4 Bf3 46.
Rf1 Bg2 47. Rxf7+ Kh6 48. Rf2 h3 49. Nf7+ Kg7 50. Ne5 h2 51. Rf7+ Kh6 52. Ng4+
Kg5 53. Nxh2 Kh5 54. c5 g5 55. c6 g4 56. Rg7 {JaulinVincent a abandonné} 1-0

[Event "Tournament 14472 - Europe Echecs"]
[Site "Europe Echecs"]
[Date "2020.07.10"]
[Round "5"]
[Time "16:09:51"]
[PlyCount "101"]
[White "JamaliElias"]
[Black "PhambanienJacq"]
[WhiteElo "1434"]
[BlackElo "1204"]
[Mode "WEB"]
[Result "0-1"]

1. e4 d6 2. d4 Nf6 3. Nc3 g6 4. Nf3 Bg7 5. Bg5 O-O 6. Be2 a6 7. Qd2 b5 8. a3 c5
9. d5 b4 10. axb4 cxb4 11. Bxf6 bxc3 12. Qxc3 Bxf6 13. Qb3 Nd7 14. O-O Nc5 15.
Qb4 Bg4 16. c3 Rb8 17. Qa3 Bxf3 18. Bxf3 Rb6 19. b4 Nd7 20. Be2 Nb8 21. Qc1 Qc7
22. Qe3 Kg7 23. Ra3 Rg8 24. Rfa1 Qa7 25. Rxa6 Rxa6 26. Qxa7 Rxa7 27. Rxa7 Rc8
28. Ra8 e6 29. b5 exd5 30. exd5 Bxc3 31. b6 Re8 32. Ba6 Bd4 33. b7 Rd8 34. Be2
Bb6 35. Bg4 Bc7 36. Bc8 f5 37. Kf1 Kf6 38. Ke2 Ke5 39. Ra3 Kxd5 40. Rh3 Rh8 41.
Rd3+ Ke5 42. Re3+ Kf6 43. Kd3 Nc6 44. Kc4 Na7 45. Be6 Rb8 46. Bd5 Bb6 47. Ra3
Bxf2 48. Kb4 Bc5+ 49. Ka5 Bxa3 50. Ka6 Bc5 {JamaliElias a perdu au temps} 0-1

[Event "Tournament 14472 - Europe Echecs"]
[Site "Europe Echecs"]
[Date "2020.07.10"]
[Round "5"]
[Time "16:09:51"]
[PlyCount "81"]
[White "LeonardyBatist"]
[Black "StajkovskiStef"]
[WhiteElo "1177"]
[BlackElo "1428"]
[Mode "WEB"]
[Result "0-1"]

1. e4 e6 2. d4 d5 3. Nd2 c5 4. exd5 Qxd5 5. Ngf3 cxd4 6. Bc4 Qd7 7. Nb3 Nc6 8.
Nbxd4 Nxd4 9. Qxd4 Qxd4 10. Nxd4 Bd7 11. O-O Nf6 12. Re1 Bc5 13. Nb3 Bb6 14. Be3
Bxe3 15. Rxe3 O-O 16. Rd1 Rac8 17. Bd3 Rfd8 18. Na5 Rc7 19. Nc4 Bb5 20. Ne5 Bxd3
21. Rexd3 Rxd3 22. Rxd3 Kf8 23. c3 b5 24. Kf1 Ke7 25. f3 Nd5 26. Ng4 a5 27. Ne3
Nb6 28. Ke2 Na4 29. Rd2 f5 30. Nd1 Nb6 31. b3 Nd5 32. Rc2 g5 33. c4 Nf4+ 34. Ke3
Nd5+ 35. Kd2 Nb4 36. Rc1 Rd7+ 37. Kc3 Nxa2+ 38. Kb2 Nxc1 39. Kxc1 bxc4 40. b4
axb4 {LeonardyBatist a perdu au temps} 0-1

[Event "Tournament 14472 - Europe Echecs"]
[Site "Europe Echecs"]
[Date "2020.07.10"]
[Round "5"]
[Time "16:09:51"]
[PlyCount "66"]
[White "DevezeArmand"]
[Black "ChareyreSylvai"]
[WhiteElo "1425"]
[BlackElo "1081"]
[Mode "WEB"]
[Result "1-0"]

1. d4 d5 2. Nf3 e6 3. e3 f5 4. Bd3 Nf6 5. Nbd2 Bd6 6. b3 O-O 7. Bb2 Nbd7 8. O-O
Ne4 9. Ne5 Qf6 10. f4 c6 11. Rf3 Bxe5 12. dxe5 Qf7 13. Rh3 b6 14. c4 Bb7 15. Rc1
dxc4 16. Nxc4 Ndc5 17. Bxe4 Nxe4 18. Nd6 Nxd6 19. exd6 Rad8 20. Rg3 c5 21. Rxg7+
Qxg7 22. Bxg7 Kxg7 23. Rc2 Rd7 24. Rd2 Rfd8 25. Kf2 Be4 26. h3 Kg6 27. g4 Kg7
28. Kg3 Kg6 29. h4 Kg7 30. g5 h6 31. Qh5 Rh8 32. Kh3 Rh7 33. Qe8 {ChareyreSylvai a abandonné} 1-0

[Event "Tournament 14472 - Europe Echecs"]
[Site "Europe Echecs"]
[Date "2020.07.10"]
[Round "5"]
[Time "16:09:51"]
[PlyCount "66"]
[White "BrunThomas"]
[Black "LabordeAntonn"]
[WhiteElo "1511"]
[BlackElo "1002"]
[Mode "WEB"]
[Result "1-0"]

1. e4 e5 2. Nf3 Nc6 3. Bb5 d6 4. O-O a6 5. Ba4 Bg4 6. c3 Nf6 7. Re1 g6 8. h3 Be6
9. d4 exd4 10. cxd4 Bc4 11. d5 b5 12. dxc6 bxa4 13. Qd4 Bb5 14. Bg5 Bg7 15. e5
dxe5 16. Qxe5+ Kf8 17. Nd4 h6 18. Qc5+ Kg8 19. Nxb5 axb5 20. Bf4 Ne8 21. Nc3 Qd3
22. Rad1 Qc2 23. Re2 Qf5 24. Qxf5 gxf5 25. Nxb5 Kh7 26. Re7 Nd6 27. Nxd6 cxd6
28. Rxd6 Ra5 29. Rxf7 Rc5 30. Rdd7 Rf8 31. Rxg7+ Kh8 32. Rh7+ Kg8 33. Rdg7# {LabordeAntonn est échec et mat} 1-0

[Event "Tournament 14472 - Europe Echecs"]
[Site "Europe Echecs"]
[Date "2020.07.10"]
[Round "5"]
[Time "16:09:51"]
[PlyCount "68"]
[White "RavenelTangi"]
[Black "EkandeEthan"]
[WhiteElo "1463"]
[BlackElo "1200"]
[Mode "WEB"]
[Result "1-0"]

1. c4 e5 2. Nc3 Bc5 3. Nf3 Nc6 4. d3 Nf6 5. g3 h6 6. Bg2 O-O 7. O-O d6 8. a3 Ne7
9. e3 d5 10. Nxe5 d4 11. Na4 Bd6 12. exd4 Nf5 13. c5 Be7 14. Be3 Nxd4 15. Bxd4
Qxd4 16. Nf3 Qd5 17. d4 b5 18. Ne5 bxa4 19. Bxd5 Nxd5 20. Qxa4 Rb8 21. Rab1 Bf5
22. Nc6 Bxb1 23. Nxb8 Rxb8 24. Rxb1 Ra8 25. Qd7 Rd8 26. Qa4 Nf6 27. Re1 Bf8 28.
Qxa7 c6 29. Qc7 Rd7 30. Qxc6 Rd8 31. Rd1 Ng4 32. b4 g5 33. b5 Bg7 34. d5 {EkandeEthan a perdu au temps} 1-0

[Event "Tournament 14472 - Europe Echecs"]
[Site "Europe Echecs"]
[Date "2020.07.10"]
[Round "5"]
[Time "16:09:51"]
[PlyCount "107"]
[White "FonluptEsteban"]
[Black "BaylacAlison"]
[WhiteElo "1436"]
[BlackElo "1199"]
[Mode "WEB"]
[Result "0-1"]

1. e4 e5 2. Nf3 Nc6 3. d4 exd4 4. Bc4 Bb4+ 5. Bd2 Nf6 6. e5 Qe7 7. O-O Ne4 8.
Bxb4 Qxb4 9. Bb3 O-O 10. Qd3 Nc5 11. Qd2 d3 12. cxd3 Qxd2 13. Nbxd2 Nxd3 14. Bc2
Ndxe5 15. Nxe5 Nxe5 16. Rac1 c6 17. f4 Ng4 18. Rf3 d5 19. f5 Bd7 20. Rg3 Nf6 21.
Nf3 Rae8 22. Re1 Rxe1+ 23. Nxe1 Re8 24. Kf2 Re5 25. Re3 Ng4+ 26. Kf3 Nxe3 27.
Nd3 Re8 28. Bb3 Nxf5 29. Nc5 Bc8 30. g4 Nd4+ 31. Kf4 Nxb3 32. Nxb3 Re4+ 33. Kf3
Bxg4+ 34. Kg3 Bd1 35. Nc5 Rb4 36. b3 b6 37. Nd3 Rd4 38. Ne5 f6 39. Nxc6 Rd2 40.
Nxa7 Rxa2 41. Nc6 Bxb3 42. Nd4 Bc4 43. Nc6 b5 44. Nb4 Ra3+ 45. Kf4 Ra4 46. Nc6
b4 47. Ke3 b3 48. Kd2 Ra2+ 49. Kc1 Rxh2 50. Nd4 b2+ 51. Kb1 Bd3+ 52. Ka2 b1=Q+
53. Ka3 Ra2# {FonluptEsteban est échec et mat} 0-1

[Event "Tournament 14472 - Europe Echecs"]
[Site "Europe Echecs"]
[Date "2020.07.10"]
[Round "5"]
[Time "16:09:51"]
[PlyCount "70"]
[White "EboueIhona"]
[Black "DeMendoncaLeo"]
[WhiteElo "1429"]
[BlackElo "1199"]
[Mode "WEB"]
[Result "1-0"]

1. d4 f5 2. Bf4 e6 3. e3 Nf6 4. Nc3 d5 5. Nb5 c6 6. Nc7+ Ke7 7. Nxa8 Ne8 8. Nf3
Na6 9. Bxa6 bxa6 10. Nc7 Nxc7 11. Bg5+ Kd7 12. Bxd8 Kxd8 13. Ne5 a5 14. Nf7+ Ke7
15. Nxh8 Ke8 16. Qh5+ g6 17. Qxh7 Kd8 18. Qg8 Ke8 19. Qf7+ Kd8 20. Qxf8+ Kd7 21.
Qg7+ Kd6 22. Nf7+ Kd7 23. Ne5+ Kd6 24. Qxg6 a4 25. h4 c5 26. Qg8 Bd7 27. Nxd7
Kxd7 28. dxc5 a6 29. h5 Ne8 30. Qxe8+ Kxe8 31. h6 Kf8 32. h7 Kg7 33. h8=Q+ Kf7
34. Rh7+ Kg6 35. Qg7# {DeMendoncaLeo est échec et mat} 1-0

[Event "Tournament 14472 - Europe Echecs"]
[Site "Europe Echecs"]
[Date "2020.07.10"]
[Round "5"]
[Time "16:09:51"]
[PlyCount "70"]
[White "EstinCharbonne"]
[Black "BerezovskyJona"]
[WhiteElo "1343"]
[BlackElo "1130"]
[Mode "WEB"]
[Result "1-0"]

1. e4 c5 2. Nc3 e6 3. f4 d5 4. Bb5+ Bd7 5. Bxd7+ Qxd7 6. d3 d4 7. Nce2 Bd6 8.
Nf3 Nc6 9. Bd2 e5 10. O-O exf4 11. Nxf4 O-O-O 12. a3 h5 13. b4 h4 14. bxc5 Bxc5
15. Nd5 Nge7 16. Ng5 Nxd5 17. exd5 Ne5 18. Bf4 Be7 19. Qe2 Bxg5 20. Qxe5 Bxf4
21. Rxf4 h3 22. Qxd4 hxg2 23. Qxa7 Rde8 24. Rb1 Re2 25. Qa8+ Kc7 26. Qxb7+ Kd6
27. Qb4+ Ke5 28. Re4+ Rxe4 29. Qxe4+ Kd6 30. Rb6+ Kc7 31. Rc6+ Kb7 32. Qb4+ Ka7
33. Qb6+ Ka8 34. Rc7 Qxd5 35. Qa7# {BerezovskyJona est échec et mat} 1-0

[Event "Tournament 14472 - Europe Echecs"]
[Site "Europe Echecs"]
[Date "2020.07.10"]
[Round "5"]
[Time "16:09:51"]
[PlyCount "93"]
[White "ElimortJessene"]
[Black "YaylaEmre"]
[WhiteElo "1199"]
[BlackElo "1336"]
[Mode "WEB"]
[Result "0-1"]

1. e4 e5 2. Nf3 Nc6 3. c3 Bc5 4. d4 exd4 5. cxd4 Bb4+ 6. Nc3 Nf6 7. a3 Bxc3+ 8.
bxc3 d6 9. d5 Ne5 10. Nxe5 dxe5 11. Be2 O-O 12. O-O Nxe4 13. f3 Nxc3 14. Qc2
Nxe2+ 15. Qxe2 Qxd5 16. Rd1 Qc5+ 17. Be3 Qe7 18. Rac1 c6 19. Bc5 Qe8 20. Bxf8
Qxf8 21. Qxe5 Be6 22. Qe3 h6 23. Kf2 a6 24. Qd2 Qxa3 25. g4 Qe7 26. Re1 Qh4+ 27.
Kf1 h5 28. g5 Bh3+ 29. Kg1 Be6 30. Re4 Qh3 31. Rc3 Qf5 32. Qe3 Rd8 33. Rc1 a5
34. Re5 Qg6 35. Qb6 Rd2 36. Qxb7 f6 37. Qb8+ Kh7 38. Rec5 Bd5 39. Qf4 Rb2 40.
R5c2 Rxc2 41. Rxc2 Qxc2 42. g6+ Kxg6 43. Qg3+ Kh7 44. Qh4 Qd1+ 45. Kg2 Qxf3+ 46.
Kg1 Qg2# {ElimortJessene est échec et mat} 0-1

[Event "Tournament 14472 - Europe Echecs"]
[Site "Europe Echecs"]
[Date "2020.07.10"]
[Round "5"]
[Time "16:09:51"]
[PlyCount "70"]
[White "CatherinotMarg"]
[Black "SwietlikAlexan"]
[WhiteElo "1327"]
[BlackElo "1130"]
[Mode "WEB"]
[Result "1-0"]

1. e4 e5 2. Nf3 Nc6 3. Nc3 Nf6 4. Bb5 Bb4 5. O-O O-O 6. d3 d6 7. Bg5 h6 8. Bxf6
Qxf6 9. Nd5 Qe6 10. Bxc6 bxc6 11. Nxb4 Bd7 12. c3 c5 13. Nd5 c6 14. Nc7 Qf6 15.
Nxa8 Rxa8 16. d4 exd4 17. cxd4 cxd4 18. Qxd4 Qf4 19. Rad1 Rd8 20. Qxd6 Qxd6 21.
Rxd6 f6 22. Rfd1 Rc8 23. Rxd7 a5 24. Rd8+ Rxd8 25. Rxd8+ Kf7 26. Rc8 Kg6 27.
Rxc6 Kh5 28. Rc7 g5 29. Rg7 g4 30. Nd4 Kh4 31. Nf5+ Kh5 32. Nd6 Kh4 33. Ne8 g3
34. hxg3+ Kh5 35. Nxf6# {SwietlikAlexan est échec et mat} 1-0

[Event "Tournament 14472 - Europe Echecs"]
[Site "Europe Echecs"]
[Date "2020.07.10"]
[Round "5"]
[Time "16:09:51"]
[PlyCount "60"]
[White "CheminadePauli"]
[Black "ClairMathieu"]
[WhiteElo "1306"]
[BlackElo "1125"]
[Mode "WEB"]
[Result "1-0"]

1. e4 e6 2. d4 d5 3. e5 b6 4. Nf3 Qd7 5. Bd3 Ba6 6. Be3 Bxd3 7. Qxd3 c5 8. c3
Nc6 9. O-O Rc8 10. Nbd2 c4 11. Qe2 Be7 12. Bg5 h6 13. Bxe7 Ngxe7 14. Rac1 Nf5
15. b3 b5 16. bxc4 dxc4 17. Rb1 Nce7 18. Ne4 Ng6 19. g4 Nf4 20. Qd2 Ne7 21. Nd6+
Kf8 22. Qxf4 f5 23. gxf5 exf5 24. Nxc8 Nxc8 25. Nh4 Ne7 26. a4 g5 27. Qf3 gxh4
28. axb5 Rg8+ 29. Kh1 h3 30. Rg1 {ClairMathieu a perdu au temps} 1-0

[Event "Tournament 14472 - Europe Echecs"]
[Site "Europe Echecs"]
[Date "2020.07.10"]
[Round "5"]
[Time "16:09:51"]
[PlyCount "161"]
[White "ChofardetPierr"]
[Black "ElsadigBashirH"]
[WhiteElo "1145"]
[BlackElo "1298"]
[Mode "WEB"]
[Result "0-1"]

1. e4 c6 2. d4 d5 3. e5 c5 4. c3 Nc6 5. Nf3 Bg4 6. Be2 e6 7. h3 Bxf3 8. Bxf3 h6
9. O-O Nge7 10. Be3 cxd4 11. cxd4 Nf5 12. Nc3 Bb4 13. a3 Bxc3 14. bxc3 b5 15.
Qd3 a6 16. Bd1 O-O 17. a4 Qb6 18. axb5 axb5 19. Rxa8 Rxa8 20. Bb3 Ra3 21. Bd1
Na5 22. Be2 Nc4 23. Bc1 Ra8 24. Bd1 Ne7 25. Bb3 Rc8 26. Be3 Qa5 27. Bxc4 Rxc4
28. Bd2 Nc8 29. Qc2 Qc7 30. Rb1 Qc6 31. Qb3 Na7 32. Ra1 Nc8 33. Qa3 Nb6 34. Qa5
Na4 35. Rb1 Nxc3 36. Bxc3 Rxc3 37. Qxb5 Qxb5 38. Rxb5 Rc4 39. Rb8+ Kh7 40. Rf8
Kg6 41. h4 h5 42. Rb8 Rxd4 43. Rb3 Re4 44. Re3 Kf5 45. Rxe4 Kxe4 46. g3 Kxe5 47.
Kf1 Ke4 48. Ke2 e5 49. f3+ Kf5 50. Ke3 f6 51. Kd3 g5 52. hxg5 fxg5 53. Ke3 h4
54. g4+ Ke6 55. Kd3 h3 56. Ke2 h2 57. Kf2 h1=Q 58. f4 Qh2+ 59. Kf1 Qxf4+ 60. Kg1
Qxg4+ 61. Kh2 Qg2+ 62. Kxg2 Kf5 63. Kf2 Kf4 64. Kg2 d4 65. Kf2 e4 66. Ke2 g4 67.
Kf2 d3 68. Kf1 Kf3 69. Ke1 e3 70. Kd1 g3 71. Ke1 d2+ 72. Kd1 g2 73. Kc2 g1=Q 74.
Kd3 d1=Q+ 75. Kc4 e2 76. Kb5 e1=Q 77. Kc4 Qdd4+ 78. Kb3 Qc1 79. Ka2 Qgf2+ 80.
Kb3 Qfb2# {ChofardetPierr est échec et mat} 0-1

[Event "Tournament 14472 - Europe Echecs"]
[Site "Europe Echecs"]
[Date "2020.07.10"]
[Round "5"]
[Time "16:09:51"]
[PlyCount "70"]
[White "SzubertEmma"]
[Black "MiomandreMouni"]
[WhiteElo "1232"]
[BlackElo "1062"]
[Mode "WEB"]
[Result "1-0"]

1. e4 e5 2. Nf3 Nc6 3. Bc4 Bc5 4. Nc3 Nf6 5. d3 h6 6. O-O d6 7. h3 O-O 8. Ne2
Be6 9. Bb5 Ne7 10. Ng3 c6 11. Ba4 b5 12. Bb3 Bxb3 13. axb3 Qc7 14. d4 exd4 15.
Nxd4 d5 16. exd5 Nexd5 17. c4 bxc4 18. bxc4 Nb6 19. b3 Rad8 20. Be3 Bxd4 21.
Bxd4 c5 22. Be5 Qxe5 23. Qf3 Qc7 24. Rfe1 Rfe8 25. Nf5 Nbd7 26. Ne7+ Kh8 27. Nc6
Ne5 28. Nxe5 Rxe5 29. Rxe5 Qxe5 30. Rxa7 Qe1+ 31. Kh2 Qe5+ 32. Kg1 Re8 33. Rxf7
Qb8 34. Qc3 Ne4 35. Qxg7# {MiomandreMouni est échec et mat} 1-0

[Event "Tournament 14472 - Europe Echecs"]
[Site "Europe Echecs"]
[Date "2020.07.10"]
[Round "5"]
[Time "16:09:51"]
[PlyCount "147"]
[White "GerardKelian"]
[Black "ManuelInes"]
[WhiteElo "1056"]
[BlackElo "1230"]
[Mode "WEB"]
[Result "0-1"]

1. d4 d6 2. e4 e5 3. c3 exd4 4. cxd4 Qe7 5. Nc3 c5 6. dxc5 dxc5 7. Nf3 Qd7 8.
Bd3 c4 9. Bxc4 Qxd1+ 10. Nxd1 Nf6 11. Nc3 Bb4 12. Bd3 Bxc3+ 13. bxc3 O-O 14. h3
Nc6 15. e5 Re8 16. Bf4 Nd5 17. Be3 Nxc3 18. Bd4 Nb4 19. Bb5 Nxb5 20. O-O Nxd4
21. Nxd4 Rxe5 22. a3 Nd3 23. Rfd1 Nc5 24. Rac1 g6 25. g4 Ne4 26. f3 Ng3 27. Kf2
f5 28. Kxg3 fxg4 29. hxg4 h5 30. f4 Re3+ 31. Kf2 Rxa3 32. gxh5 gxh5 33. Rh1 Bg4
34. Rcg1 Ra4 35. Nf5 Rxf4+ 36. Ke3 Rxf5 37. Ke4 Re8+ 38. Kd4 Kf7 39. Rh2 Rf4+
40. Kd5 Bf3+ 41. Kd6 Rd4+ 42. Kc7 Re7+ 43. Kc8 Ke8 44. Rg8+ Kf7 45. Rg5 Bg4+ 46.
Kb8 Rd8+ 47. Kxa7 b5+ 48. Ka6 Rb8 49. Rf2+ Ke6 50. Rg6+ Kd5 51. Rd2+ Ke5 52.
Rg5+ Kf6 53. Rxb5 Rxb5 54. Kxb5 Bd7+ 55. Kc4 Re4+ 56. Kd3 Bf5 57. Kc3 h4 58. Rg2
h3 59. Rg1 h2 60. Rh1 Rh4 61. Kd2 Be4 62. Rxh2 Rxh2+ 63. Ke3 Rh4 64. Kd4 Bh1+
65. Ke3 Kf5 66. Kd3 Ke5 67. Ke2 Rh3 68. Kf2 Kf4 69. Kg1 Kf3 70. Kf1 Bg2+ 71. Ke1
Ke3 72. Kd1 Kd3 73. Ke1 Bf3 {GerardKelian a perdu au temps} 0-1

[Event "Tournament 14472 - Europe Echecs"]
[Site "Europe Echecs"]
[Date "2020.07.10"]
[Round "5"]
[Time "16:09:51"]
[PlyCount "35"]
[White "CayauNolanMael"]
[Black "SalvignolNatha"]
[WhiteElo "999"]
[BlackElo "1209"]
[Mode "WEB"]
[Result "0-1"]

1. e4 e5 2. Bc4 Nf6 3. d3 Bc5 4. Nf3 d6 5. O-O Bg4 6. h3 Bh5 7. g4 Bg6 8. Nh4
Qd7 9. Nxg6 hxg6 10. Nc3 Rxh3 11. Kg2 Rh8 12. Rh1 Rxh1 13. Qxh1 Qxg4+ 14. Kf1
Nc6 15. Qh8+ Ke7 16. Nd5+ Nxd5 17. Bxd5 Rxh8 {CayauNolanMael a abandonné} 0-1

[Event "Tournament 14472 - Europe Echecs"]
[Site "Europe Echecs"]
[Date "2020.07.10"]
[Round "5"]
[Time "16:09:51"]
[PlyCount "96"]
[White "MigoliRomain"]
[Black "RevillardValen"]
[WhiteElo "1201"]
[BlackElo "1005"]
[Mode "WEB"]
[Result "1-0"]

1. e4 e5 2. Nf3 Nc6 3. Bc4 h6 4. c3 Nf6 5. d3 Bc5 6. d4 exd4 7. cxd4 Bb6 8. Nc3
O-O 9. Bf4 Re8 10. e5 Nh7 11. O-O d6 12. exd6 cxd6 13. Qb3 Qf6 14. Be3 Be6 15.
Bxe6 fxe6 16. d5 exd5 17. Nxd5 Qd8 18. Nxb6+ Kh8 19. Nxa8 Qxa8 20. Rad1 Na5 21.
Qa4 b6 22. Rxd6 Ng5 23. Nxg5 hxg5 24. Bxg5 Re4 25. Rd8+ Qxd8 26. Bxd8 Rxa4 27.
a3 Nb3 28. h3 Rc4 29. Rd1 Rc1 30. Rxc1 Nxc1 31. Kf1 Nd3 32. b4 Kg8 33. Ke2 Ne5
34. Bc7 Nc6 35. Ke3 a5 36. b5 Ne7 37. Ke4 Nc8 38. Ke5 Kf7 39. Kd5 Kf6 40. Be5+
Kf7 41. f4 Kg6 42. g4 Kf7 43. h4 g6 44. Kc6 Ke6 45. Kc7 Ne7 46. Kxb6 Nd5+ 47.
Kxa5 Nxf4 48. Bxf4 {RevillardValen a abandonné} 1-0

[Event "Tournament 14472 - Europe Echecs"]
[Site "Europe Echecs"]
[Date "2020.07.10"]
[Round "5"]
[Time "16:09:51"]
[PlyCount "49"]
[White "CastetsAntoine"]
[Black "MolinesMartin"]
[WhiteElo "1120"]
[BlackElo "1033"]
[Mode "WEB"]
[Result "0-1"]

1. e4 e5 2. Nf3 Nc6 3. Bb5 a6 4. Bxc6 dxc6 5. Nxe5 Qd4 6. Nf3 Qxe4+ 7. Qe2 Qxe2+
8. Kxe2 Bg4 9. Nc3 Bb4 10. a3 Bxc3 11. dxc3 Nf6 12. Rd1 O-O 13. Bg5 Ne4 14. h3
Bxf3+ 15. gxf3 Nxg5 16. Rd7 Rac8 17. Rad1 Nxh3 18. b4 Nf4+ 19. Ke3 Nd5+ 20. Kd4
Nf6 21. Re7 Rfd8+ 22. Ke3 Rxd1 23. a4 Re1+ 24. Kd2 Rxe7 {CastetsAntoine a abandonné} 0-1

[Event "Tournament 14472 - Europe Echecs"]
[Site "Europe Echecs"]
[Date "2020.07.10"]
[Round "5"]
[Time "16:09:51"]
[PlyCount "55"]
[White "LedouxCamille"]
[Black "BoucherAngel"]
[WhiteElo "1165"]
[BlackElo "1199"]
[Mode "WEB"]
[Result "0-1"]

1. d4 Nc6 2. Nf3 e6 3. e3 Nf6 4. Bd3 Be7 5. O-O O-O 6. b3 d5 7. Bb2 Bd7 8. Nbd2
Bd6 9. c4 e5 10. cxd5 Nb4 11. Bc4 b5 12. dxe5 bxc4 13. exd6 Nbxd5 14. Nxc4 Nb6
15. dxc7 Qxc7 16. Nfe5 Rad8 17. Nxb6 Qxb6 18. Nc4 Qc7 19. Be5 Qc6 20. Bxf6 Qxf6
21. f4 Qg6 22. Ne5 Qe6 23. Qh5 f6 24. Ng4 g6 25. Qh6 Qxg4 26. Rf3 Bc6 27. Rh3
Qxg2# {LedouxCamille est échec et mat} 0-1

[Event "Tournament 14472 - Europe Echecs"]
[Site "Europe Echecs"]
[Date "2020.07.10"]
[Round "5"]
[Time "16:09:51"]
[PlyCount "59"]
[White "JannotClement"]
[Black "DennebouyAlexa"]
[WhiteElo "1199"]
[BlackElo "1160"]
[Mode "WEB"]
[Result "0-1"]

1. e4 e5 2. Nc3 Nf6 3. d3 h6 4. g3 Bc5 5. Nh3 d6 6. f3 O-O 7. Qe2 Nc6 8. Be3
Bxe3 9. Qxe3 Nb4 10. Qc1 Be6 11. f4 Ng4 12. fxe5 dxe5 13. Nf2 Ne3 14. Bh3 Bxh3
15. Nxh3 Nexc2+ 16. Ke2 Nxa1 17. Qxa1 Qxd3+ 18. Kf2 Nc2 19. Qd1 Qe3+ 20. Kg2 Nd4
21. Re1 Nf5 22. Qd7 Qxe1 23. Ng1 Ne3+ 24. Kh3 Qf1+ 25. Kh4 Ng2+ 26. Kg4 Qxg1 27.
Ne2 Qxh2 28. Qxc7 g6 29. Qxb7 Qh5# {JannotClement est échec et mat} 0-1

[Event "Tournament 14472 - Europe Echecs"]
[Site "Europe Echecs"]
[Date "2020.07.10"]
[Round "6"]
[Time "16:40:13"]
[PlyCount "47"]
[White "CandelotClemen"]
[Black "CavaillesEvan"]
[WhiteElo "2089"]
[BlackElo "2018"]
[Mode "WEB"]
[Result "0-1"]

1. e4 c5 2. Nf3 Nc6 3. Bb5 e6 4. Bxc6 bxc6 5. Qe2 Ne7 6. d3 d6 7. e5 Ng6 8. exd6
Bxd6 9. Nc3 O-O 10. O-O e5 11. Ne4 f5 12. Nxd6 Qxd6 13. b3 Bd7 14. Ba3 f4 15. h3
Rae8 16. Qe4 Be6 17. Qe2 Rf6 18. Ng5 f3 19. Nxf3 Bd5 20. Nd2 Nf4 21. Qe3 Nxg2
22. Qg3 Rg6 23. Qg5 Rxg5 {CandelotClemen a perdu au temps} 0-1